000 00515nam a2200193Ia 4500
005 20250508163855.0
008 008 250505s9999 xx 000 0 eng d
037 _aReference
040 _aFEDL
_beng
_cFEDL
041 _aeng
_2eng
084 _a370.15, DAN/RR
_qFEDL
100 _aDaniels Harry
245 0 _aVygotsky and pedagogy
260 _aLondon, UK
_bRoutledge Falmer
_c2001
300 _a198p.
365 _aGBP
_b18.99
942 _cREF
_h370.15, DAN/RR
999 _c1385728
_d1385728